00618nam a2200181Ia 4500008004100000041000800041082001600049100001500065245003800080260001600118300002600134365001600160500001100176700001500187906003000202999001900232952018500251230718s9999 xx 000 0 und d aeng a336.24bMEH aMehta N.V. aIncome Tax Ready Reckoner 2001-02 c2001bKuber a336dRef 99 G (13044) cRs.b300.00 a99 GEN aMehta N.V. dB:64801-Jun-2001cOTHb45 c301838d301838 00102ddc3Ref 99 G (13044)4073aCCEPbCCEPd2001-07-28eTechnical Book ServicesfOTHg255.00i648o336.24pCCEP-BK-13044r2023-07-18 00:00:00t45v300.00w2001-06-01yBKz013044